header

Globalization and the margins (Record no. 75240)

MARC details
000 -LEADER
fixed length control field 01504nam a2200373Ia 4500
082 04 - DEWEY DECIMAL CLASSIFICATION NUMBER
Classification number 330.9172/4
245 00 - TITLE STATEMENT
Title Globalization and the margins
260 ## - PUBLICATION, DISTRIBUTION, ETC. (IMPRINT)
Place of publication New York :
Name of publisher Palgrave Macmillan,
Year of publication 2002.
300 ## - PHYSICAL DESCRIPTION
Number of Pages xiv, 230 p. :
Other physical details ill., maps.
490 1# - SERIES STATEMENT
Series statement International political economy series
500 ## - GENERAL NOTE
General note Includes index.
650 #0 - SUBJECT ADDED ENTRY--TOPICAL TERM
Topical Term International economic relations.
Topical Term Globalization
700 1# - ADDED ENTRY--PERSONAL NAME
Personal name Grant, Richard,
Personal name Short, John R.
856 40 - ELECTRONIC LOCATION AND ACCESS
Uniform Resource Identifier http://site.ebrary.com/lib/rucke/Doc?id=10044853

No items available.

© 2026 Rongo University
Contact us: librarian | system librarian | Rongo university